| 000 | 01495 a2200289 4500 | ||
|---|---|---|---|
| 001 | 53964 | ||
| 005 | 20260407155810.0 | ||
| 008 | 260407a1973 arg spa d | ||
| 003 | AR-UNSa-BCEJYS | ||
| 040 |
_aAR-UNSa-BCEJYS _bspa _cAR-UNSa-BCEJYS |
||
| 080 |
_a336.13 _xFinanzas del sector público |
||
| 245 | 1 | 0 | _aFunción del estado en la economía |
| 264 | 1 |
_aBuenos Aires : _bCuenca Ediciones _c1973 |
|
| 300 |
_avii, 198 p. _c20 cm. |
||
| 505 | _aFrancisco Cholvis: Principios generales - Alfredo Eric Calcagno: Las empresas públicas en un proceso de acumulación - Salmón Fainstein: Carácter del capital del Estado en los distintos regímenes sociales - Eugenio Gastiazoro: Papel del Estado según las doctrinas imperantes históricamente en la Argentina: neoliberalismo, desarrollismo y nacionalismo - Ernesto Miguel Malpede: La política ,las empresas estatales y la política exterior - Juan Luis Nodel: El Estado y la planificación - Juan Sábato: Rentabilidad y eficiencia de la empresa estatal.El ejemplo de la energía - Arturo Enrique Sampay: Valor de los bienes de interés público expropiados por el Estado | ||
| 041 | _aspa | ||
| 942 | _cBK | ||
| 590 | _aniveau_biblio:m niveau_hierar:0 | ||
| 100 | 1 | _aCholvis, Francisco | |
| 700 | 1 | _aCalcagno, Alfredo Eric | |
| 700 | 1 | _aFainstein, Salomón | |
| 700 | 1 | _aGastiazoro, Eugenio | |
| 700 | 1 | _aMalpede, Ernesto Miguel | |
| 700 | 1 | _aNodel, Juan Luis | |
| 700 | 1 | _aSábato, Juan | |
| 700 | 1 | _aSampay, Arturo Enrique | |
| 999 |
_c5308 _d5308 |
||